Name all Adobe Desktop Apps - Statistics

General Stats
  • This quiz has been taken 43 times
  • The average score is 7 of 13
Answer Stats
Answer % Correct
1 Photoshop
100%
5 Illustrator
89%
7 After Effects
81%
6 Indesign
70%
4 Premiere Pro
70%
2 Lightroom
65%
3 Acrobat
51%
12 Audition
51%
9 Animate
49%
10 Dreamweaver
49%
8 XD
32%
13 Aero
11%
11 Substance
11%
No matching quizzes found
Score Distribution
Percent of People with Each Score
Percentile by Number Answered
Your Score History
You have not taken this quiz